000 01457nam a2200325 i 4500
003 EG-GICUC
005 20260121101555.0
008 251231s1988 ua d|||fr|||| 000 0 ara d
017 _a1988/5024
040 _a EG-GICUC
_bara
_c EG-GICUC
_d EG-GICUC
_erda
041 0 _aara
082 0 4 _221
_a343.643062
_bع ب . أ
092 0 4 _221
099 _aLaw1 10 343.643062 ع ب . أ 1988
100 0 _aعبدالرحيم صدقي.
_eمؤلف.
245 1 2 _aالأسرة والجريمة في القانون الجنائي المصري :
_bدراسة تحليلية - فقهية - فلسفية لقانون العقوبات ولقانون الإجراءات الجنائية /
_cعبدالرحيم صدقي.
264 1 _aالقاهرة :
_bالهيئة المصرية العامة للكتاب,
_c1988.
300 _a121 صفحة, صفحات غير مرقمة :
_bجداول ؛
_c24 سم.
336 _2rda content
_atext
337 _2rda media
_aComputer
338 _2rda carrier
_aOnline Resource
504 _aيشتمل على إرجاعات ببليوجرافية.
504 _aببليوجرافيا صفحات : 109-120.
546 _aالنص أغلبه باللغة العربية مع بعض النصوص الفرنسية
650 1 _aالبيئة الاجتماعية والجريمة
_2qrmak
651 1 _2qrmak
856 4 0 _uhttps://fll.law.cu.edu.eg/fulltext/bks/B10-07082.pdf
905 _a62
942 _2ddc
_n0
_cBK
_e21
999 _c53447
_d53447